000 01632cam a22004458i 4500
001 23009239
005 20230621174441.0
008 230308s2023 cau c 000 1 eng
010 _a 2022048890
020 _a9781368073165
_q(hardcover)
020 _a9781368073189
_q(trade paperback)
020 _z9781368073202
_q(ebook)
040 _aDLC
_beng
_erda
_cDLC
042 _apcc
_acyac
050 0 0 _aPZ7.1.K556
_bLar 2023
082 0 0 _a[Fic]
_223
092 _ajunior fiction
_bKim
100 1 _aKim, Graci,
_eauthor.
_96419401
245 1 4 _aThe last fallen realm /
_cby Graci Kim.
250 _aFirst edition.
263 _a2306
264 1 _aLos Angeles ;
_aNew York ;
_bDisney/Hyperion,
_c2023.
300 _apages cm
336 _atext
337 _aunmediated
338 _avolume
490 0 _aA gifted clans novel ;
_vbook 3
500 _a"Rick Riordan presents."
520 _aThirteen year-old Riley was not born to be a leader, but the magical community thinks she and her adopted brother, Dahl, are meant to lead the world into the Age of the Final Eclipse, so now the one thing Riley must do is believe in herself.
521 _aAges 8-12.
_bDisney/Hyperion.
521 _aGrades 4-6.
_bDisneyHyperion.
650 1 _aQuests (Expeditions)
_vFiction.
_95676172
650 1 _aSiblings
_vFiction.
_95708994
650 1 _aMagic
_vFiction.
_95673694
650 1 _aMythology, Korean
_vFiction.
_96441318
650 1 _aSelf-confidence
_vFiction.
_95682344
650 1 _aKorean Americans
_vFiction.
_95701888
655 7 _aNovels.
_2lcgft
942 _2ddc
_cBOOK
999 _c385393
_d385393